[Event "Grand Chess Tour playoff"]
[Site "Saint Louis"]
[Date "2018.08.28"]
[Round "1"]
[White "So, Wesley"]
[Black "Caruana, Fabiano"]
[Result "1/2-1/2"]
[WhiteElo "2780"]
[BlackElo "2822"]
[PlyCount "66"]
[EventDate "2018.08.28"]
[EventType "match (rapid)"]
[EventRounds "2"]
[EventCountry "USA"]
[SourceTitle "CBM 186"]
[Source "ChessBase"]
[SourceDate "2018.09.14"]
[SourceVersion "1"]
[SourceVersionDate "2018.09.14"]
[SourceQuality "1"]

1. d4 Nf6 2. c4 e6 3. Nf3 d5 4. g3 dxc4 5. Bg2 Nc6 6. Qa4 Bb4+ 7. Bd2 Nd5 8.
Bxb4 Ndxb4 9. O-O Rb8 10. Na3 O-O 11. Qb5 b6 12. Qxc4 Ba6 13. Nb5 Qe8 14. Rfc1
Nd5 15. Qxc6 Qxc6 16. Rxc6 Bxb5 17. Rc2 Rfc8 18. Rac1 c5 19. dxc5 Nb4 20. Rd2
Nxa2 21. Ra1 Nb4 22. Rxa7 Nc6 23. Ra1 bxc5 24. e3 h6 25. Bf1 Bxf1 26. Kxf1 Rb5
27. Rc1 Kf8 28. Rdc2 Nb4 29. Nd4 Nxc2 30. Nxb5 Rb8 31. Na3 Nxa3 32. bxa3 Rb3
33. Rxc5 Rxa3 1/2-1/2

[Event "Olympiad-43"]
[Site "Batumi"]
[Date "2018.09.26"]
[Round "3.3"]
[White "Giri, Anish"]
[Black "Caruana, Fabiano"]
[Result "1/2-1/2"]
[WhiteElo "2780"]
[BlackElo "2827"]
[PlyCount "63"]
[EventDate "2018.09.24"]
[EventType "team-swiss"]
[EventRounds "11"]
[EventCountry "GEO"]
[SourceTitle "CBM 187"]
[Source "ChessBase"]
[SourceDate "2018.12.11"]
[SourceVersion "1"]
[SourceVersionDate "2018.12.11"]
[SourceQuality "1"]
[WhiteTeam "Netherlands"]
[BlackTeam "US of America"]
[WhiteTeamCountry "NED"]
[BlackTeamCountry "USA"]

1. e4 e5 2. Nf3 Nc6 3. Bb5 Nf6 4. O-O Nxe4 5. Re1 Nd6 6. Nxe5 Be7 7. Bf1 Nxe5
8. Rxe5 O-O 9. d4 Bf6 10. Re1 Re8 11. c3 Rxe1 12. Qxe1 Ne8 13. d5 c6 14. Nd2
cxd5 15. Nf3 d6 16. Be3 Nc7 17. Qd2 Bd7 18. g3 Bc6 19. Bg2 Ne6 20. Rd1 Qa5 21.
a3 h6 22. Nd4 Nxd4 23. Bxd4 Bxd4 24. Qxd4 Re8 25. Bxd5 Bxd5 26. Qxd5 Qxd5 27.
Rxd5 Re2 28. b4 Rc2 29. Rxd6 Rxc3 30. Rd8+ Kh7 31. Rd7 Rxa3 32. Rxb7 1/2-1/2

[Event "PRO League Stage"]
[Site "Chess.com INT"]
[Date "2019.03.13"]
[Round "10"]
[White "Saric, Ivan"]
[Black "Caruana, Fabiano"]
[Result "1/2-1/2"]
[WhiteElo "2690"]
[BlackElo "2828"]
[PlyCount "132"]
[EventDate "2019.01.08"]
[EventType "team-swiss (rapid)"]
[EventRounds "10"]
[EventCountry "USA"]
[SourceTitle "CBM 189 Extra"]
[Source "ChessBase"]
[SourceDate "2019.06.03"]
[SourceVersion "1"]
[SourceVersionDate "2019.06.03"]
[SourceQuality "1"]
[WhiteTeam "Montreal Chessbrahs"]
[BlackTeam "Saint Louis Arch Bishops"]
[WhiteTeamCountry "CAN"]
[BlackTeamCountry "USA"]

1. e4 e6 2. d4 d5 3. Nc3 Bb4 4. e5 Qd7 5. Qg4 f5 6. Qh5+ Qf7 7. Qf3 Nc6 8. Nge2
Nge7 9. a3 Ba5 10. h4 Bd7 11. Be3 O-O-O 12. O-O-O Kb8 13. Qg3 a6 14. Kb1 g6 15.
h5 gxh5 16. Qh4 Be8 17. Bg5 Rc8 18. Na2 Bb6 19. Nb4 Nxb4 20. Bxe7 Nc6 21. Bf6
Rg8 22. f3 Qd7 23. Qe1 Bg6 24. Rh4 Rgf8 25. Nf4 Rce8 26. Qc3 Rxf6 27. exf6 Qf7
28. g3 Qxf6 29. Nxh5 Bxh5 30. Rxh5 Bxd4 31. Qb3 Bb6 32. Rxh7 Qg6 33. Rh3 Ne5
34. Re1 Nf7 35. c4 dxc4 36. Bxc4 Nd6 37. Bd3 e5 38. Bc2 Qg5 39. f4 Qg7 40. Rxe5
Rxe5 41. fxe5 Qxe5 42. Qg8+ Ka7 43. Rh8 Bd4 44. Qb8+ Kb6 45. Rh7 Qc5 46. Qg8
Be5 47. Qb3+ Ka7 48. Ka2 Nc4 49. Bxf5 Bxb2 50. Bd3 Na5 51. Qxb2 Qd5+ 52. Ka1
Qxd3 53. Rxc7 Qd1+ 54. Ka2 Qd5+ 55. Ka1 Nc4 56. Qf2+ Kb8 57. Rxc4 Qxc4 58. Qf4+
Qxf4 59. gxf4 Kc7 60. Kb2 b5 61. Kc3 a5 62. Kd4 Kd6 63. f5 b4 64. axb4 axb4 65.
Kc4 Ke5 66. Kxb4 Kxf5 1/2-1/2

[Event "PRO League KO Stage"]
[Site "Chess.com INT"]
[Date "2019.03.21"]
[Round "1"]
[White "Caruana, Fabiano"]
[Black "Checa, Nicolas D"]
[Result "1-0"]
[WhiteElo "2828"]
[BlackElo "2506"]
[PlyCount "183"]
[EventDate "2019.03.19"]
[EventType "team-k.o."]
[EventRounds "4"]
[EventCountry "USA"]
[SourceTitle "CBM 189 Extra"]
[Source "ChessBase"]
[SourceDate "2019.06.03"]
[SourceVersion "1"]
[SourceVersionDate "2019.06.03"]
[SourceQuality "1"]
[WhiteTeam "Saint Louis Arch Bishops"]
[BlackTeam "Montclair Sopranos"]
[WhiteTeamCountry "USA"]
[BlackTeamCountry "USA"]

1. e4 e6 2. d4 d5 3. Nc3 Bb4 4. exd5 exd5 5. Bd3 Nf6 6. Nge2 O-O 7. O-O c6 8.
Bg5 Nbd7 9. Qd2 Re8 10. Ng3 Nf8 11. Rae1 Be7 12. Re2 Bg4 13. f3 Be6 14. Kh1
N6d7 15. Bxe7 Rxe7 16. Rfe1 Nf6 17. Nd1 Re8 18. a4 Qc7 19. a5 Bd7 20. Re5 Ng6
21. Bxg6 hxg6 22. Nf2 c5 23. Rxe8+ Rxe8 24. Rxe8+ Bxe8 25. dxc5 Qxc5 26. Nd3
Qc7 27. b4 Bb5 28. Nf2 Qe5 29. c3 Bc4 30. Nd1 b6 31. axb6 axb6 32. Ne3 b5 33.
Kg1 Kf8 34. Nc2 Qe8 35. Nd4 Qa8 36. h3 Qb8 37. Kf2 Qa7 38. Nf1 Nd7 39. Qe3 Qa2+
40. Nd2 Nf6 41. Kg3 Kg8 42. Kh2 Qa8 43. Qe5 Bd3 44. Qe3 Bc4 45. Nxc4 bxc4 46.
Qe5 Qa3 47. Nc6 Qb2 48. Qd4 g5 49. Qe5 Kh7 50. Qf5+ Kh8 51. Ne5 Qxc3 52. b5 Qb4
53. Nxf7+ Kg8 54. Qe6 Kh7 55. b6 c3 56. Qf5+ Kg8 57. Nxg5 Qf8 58. Qe6+ Kh8 59.
Qc6 Qb8+ 60. Qc7 Nd7 61. Nf7+ Kg8 62. Ne5 Qxc7 63. bxc7 Nb6 64. Kg3 c2 65. Nd3
Kf8 66. Kf4 Ke7 67. Ke3 Kd7 68. Kd2 Kxc7 69. Kxc2 Kd6 70. Kd2 Nc4+ 71. Ke2 Ke6
72. f4 Kf5 73. Kf3 Nd2+ 74. Ke3 Nb3 75. g4+ Ke6 76. f5+ Kf6 77. Kf4 g5+ 78.
fxg6 Kxg6 79. h4 Nd4 80. Ne5+ Kh6 81. Nf3 Nc6 82. h5 Ne7 83. Nd4 Ng8 84. Nf5+
Kh7 85. g5 d4 86. Ke4 d3 87. Kxd3 Kh8 88. Ke4 Kh7 89. Kf4 Kh8 90. Ke4 Kh7 91.
Ke5 Kh8 92. g6 1-0

[Event "PRO League KO Stage"]
[Site "Chess.com INT"]
[Date "2019.05.05"]
[Round "4"]
[White "Caruana, Fabiano"]
[Black "Meier, Georg"]
[Result "1-0"]
[WhiteElo "2828"]
[BlackElo "2621"]
[PlyCount "89"]
[EventDate "2019.03.19"]
[EventType "team-k.o."]
[EventRounds "4"]
[EventCountry "USA"]
[SourceTitle "CBM 190 Extra"]
[Source "ChessBase"]
[SourceDate "2019.07.15"]
[SourceVersion "1"]
[SourceVersionDate "2019.07.15"]
[SourceQuality "1"]
[WhiteTeam "Saint Louis Arch Bishops"]
[BlackTeam "Baden Baden Snowballs"]
[WhiteTeamCountry "USA"]
[BlackTeamCountry "GER"]

1. c4 b6 2. d4 e6 3. e4 Bb7 4. Nc3 Bb4 5. f3 Ne7 6. Bd3 Nbc6 7. Nge2 Bxc3+ 8.
bxc3 Na5 9. O-O Ba6 10. c5 Bxd3 11. Qxd3 d6 12. Rd1 O-O 13. Bf4 Qd7 14. c4 Rfd8
15. cxd6 cxd6 16. Bd2 Qa4 17. Bxa5 Qxa5 18. a4 Rac8 19. Rdb1 Nc6 20. Rb5 Qa6
21. h3 Na5 22. Rc1 Qb7 23. Ng3 Qe7 24. Kh2 Rc7 25. Nf1 Rdc8 26. Ne3 Qf6 27. Rc2
Qf4+ 28. Kg1 g6 29. Qe2 h5 30. Rb1 Nc6 31. Qd3 a5 32. Rd2 Nb4 33. Qe2 Kf8 34.
Rbd1 Kg8 35. Qf2 Kf8 36. g3 Qf6 37. f4 Kg8 38. g4 hxg4 39. hxg4 g5 40. f5 Kg7
41. Qg3 e5 42. dxe5 Qxe5 43. f6+ Kg8 44. Qh3 Qxe4 45. Rh2 1-0

[Event "Grenke Chess Classic 6th"]
[Site "Karlsruhe/Baden Baden"]
[Date "2019.04.28"]
[Round "8"]
[White "Meier, Georg"]
[Black "Caruana, Fabiano"]
[Result "0-1"]
[WhiteElo "2628"]
[BlackElo "2819"]
[Annotator "Caruana,F"]
[PlyCount "102"]
[EventDate "2019.04.20"]
[EventType "tourn"]
[EventRounds "9"]
[EventCountry "GER"]
[EventCategory "19"]
[SourceTitle "CBM 190"]
[Source "ChessBase"]
[SourceDate "2019.06.30"]
[SourceVersion "1"]
[SourceVersionDate "2019.06.30"]
[SourceQuality "1"]

{This game was played in the 8th round. I had a slow start to the event and
was trailing Magnus coming into this game, so I felt I needed a win to try to
keep pace and some hope to catch him in first place. I also had the feeling
that Georg would not shy away from a fight. Diese Partie wurde in der 8. Runde
gespielt. Ich war langsam ins Turnier gestartet und hatte Rückstand auf
Magnus, deshalb brauchte ich gefühlt einen Sieg, um Schritt halten zu können
und gewisse Hoffnung zu wahren, ihn auf dem ersten Platz noch einzuholen.
Außerdem hatte ich das Gefühl, dass Georg vor einem Kampf nicht
zurückscheuen würde.} 1. e4 $5 {And this confirmed my feeling. I decided
that the best way to play for a win was to go straight for a fight with the
Sicilian. Und dies bestätigte mein Gefühl. Ich entschied, der beste Weg, auf
Gewinn zu spielen, wäre, geradewegs einen Kampf mit dem Sizilianer
anzustreben..} c5 2. Nf3 Nc6 3. Bb5 {A position that certainly has become
familiar to me over the last year! Eine Stellung, die mir im Lauf des letzten
Jahres durchaus vertraut geworden ist!} g6 4. Bxc6 dxc6 5. d3 Bg7 6. h3 Nf6 7.
Nc3 Nd7 8. Be3 e5 9. Qd2 h6 10. a3 {It is important to know the main ideas for
both sides. The break f4 is natural, but a3-b4 can also be quite annoying for
Black if executed without a challenge. Es ist wichtig, die beiderseitigen
Hauptideen zu kennen. Der Hebel f4 ist natürlich, aber auch a3-b4 kann
ziemlich lästig für Schwarz sein, wenn man ungehindert dazu kommt.} b6 11. b4
{[#] We are already in new territory. If Black is forced to take on b4 he will
be under permanent pressure down the a-file and will have trouble dealing with
a potential b5, weakening the d5 square. I was in no mood to play a passive
position. Wir befinden uns bereits auf neuem Terrain. Falls Schwarz gezwungen
ist, auf b4 zu nehmen, wird er in der a-Linie unter permanentem Druck stehen
und es schwer haben, einem potentiellen b5 zu begegnen, was das Feld d5
schwächt. Ich hatte keine Lust, eine passive Stellung zu spielen.} Nf8 $5 12.
bxc5 Ne6 13. cxb6 axb6 {Black sacrifices a pawn for a couple of tempi, and
though it might seem far from clear on what he has achieved, this become
readily apparent when some moves are played on the board. Schwarz opfert einen
Bauern für ein paar Tempi, und obwohl bei weitem nicht auf der Hand liegen
mag, was er erreicht hat, wird es, nachdem ein paar Züge auf dem Brett
gespielt sind, sonnenklar.} 14. Qc1 (14. O-O f5 $40) 14... f5 15. a4 f4 {
My longest think of the game, and a point where again I had tempting options.
I also wanted to make sure that my plan of crashing through the kingside made
sense when his king is still on e1! Meine längste Denkphase der Partie, und
ein Punkt, an dem ich erneut verlockende Optionen hatte. Außerdem wolle ich
sichergehen, dass mein Plan, am Köngisflügel durchzubrechen, auch sinnvoll
ist, wenn sein König noch auf e1 steht!} 16. Bd2 O-O {Both sides have
clarified their plans. White wants to consolidate and use the extra pawn to
full effect, trying to put his pieces in a way that they stymie Black's attack.
Beide Seiten haben ihre Pläne definiert. Weiß will sich konsolidieren und
den Mehrbauern voll zur Geltung bringen, wobei er versucht, seine Figuren so
anzuordnen, dass sie den Angriff von Schwarz ersticken.} 17. Qb2 Nd4 $1 18. Ne2
(18. Nxd4 exd4 19. Ne2 f3 20. gxf3 Rxf3 {and Black's rook on f3 is just
monstrous. und der schwarze Turm auf f3 ist einfach monströs.}) 18... Nxf3+
19. gxf3 Be6 20. Rb1 {Georg must have felt that his position was already quite
uncomfortable, taking a considerable amount of time on this move. Georg hat
wohl gespürt, dass seine Stellung bereits recht unangenehm war, denn er
verbrauchte für diesen Zug beträchtlich viel Zeit.} Ra6 21. Bc3 Qc7 22. Rg1
Kh7 23. h4 Rb8 24. Ra1 (24. d4 Rxa4 25. dxe5 Ra2 26. Qc1 Bc4 $5 $13) 24... c5
25. Kd2 Rd8 $6 {[#] I was happy with my position here, but the computers point
out that this was actually a bad mistake! [#] Hier war ich glücklich mit
meiner Stellung, aber die Computer zeigen, dass dies in Wirklichkeit ein
böser Fehler war!} 26. Rgd1 (26. Rxg6 $3 {did not really cross our minds
during the game. kam uns während der Partie nicht wirklich in den Sinn.} Kxg6
27. Nxf4+ Kf7 {Black is up a rook, but the engines claim that after Schwarz
hat einen Turm mehr, aber die Engines behaupten, dass nach} (27... exf4 28.
Rg1+ {just wins gewinnt einfach.}) 28. Rg1 Bf6 29. Nxe6 Kxe6 30. f4 {it is now
White that has a powerful attack. It was certainly difficult to evaluate such
a position, especially in my opponent's looming time pressure. nunmehr Weiß
derjenige ist, der kraftvollen Angriff hat. Eine solche Stellung
einzuschätzen, war natürlich schwierig, zumal in der sich anbahnenden
Zeitnot meines Gegners.}) 26... Bh3 27. Qb5 Rda8 28. Rg1 Qd6 29. Qb2 R8a7 $1 {
A move that highlights how difficult White's position is. It parries White's
only threat of Nxf4, and Black is currently keeping all the pluses in the
position. Ein Zug, der betont, wie schwierig die Stellung von Weiß ist. Er
pariert die einzige weiße Drohung Sxf4, und Schwarz hält aktuell alle
Trümpfe in der Stellung.} 30. Rab1 Qf6 31. a5 {The queenside finally opens up,
but Black is better prepared for this. Endlich öffnet sich der Damenflügel,
aber Schwarz ist dafür besser vorbereitet.} Bd7 32. axb6 Rb7 33. h5 g5 34. Ra1
{The next few moves were played trying to get to the 40 move mark, and it is
not difficult for me to keep control of the position with my pair of bishops
and the difficult situation of White's king on d2. Die nächsten paar Züge
wurden gespielt, um die 40. Züge-Marke zu schaffen, und es ist für mich, mit
meinem Läuferpaar und der misslichen Situation des weißen Königs auf d2,
nicht schwer, die Stellung zu kontrollieren.} Raxb6 35. Qa3 Qd6 36. Nc1 Be6 37.
Rh1 Bf7 38. Ke2 Qd7 39. Qa4 Rc6 40. Qa5 c4 {With time pressure over, it is
clear that White cannot parry all of my threats. Doubling on the c-file and
crashing through is the most pressing one, but as we will soon see others will
also arise. Bei geschaffter Zeitnot ist klar, dass Weiß nicht all meine
Drohungen parieren kann. Verdoppeln und Durchbrechen in der c-Linie ist am
zwingendsten, aber wie wir gleich sehen, werden sich auch noch andere ergeben.}
41. Ra3 Rbc7 42. Kd2 Rc5 43. Qa8 Rc8 44. Ra7 {Desperate, but White's position
was beyond salvation. Verzweiflung, aber die weiße Stellung war jenseits von
Gut und Böse.} (44. Qa4 Qxa4 45. Rxa4 cxd3 46. Ra3 dxc2 {looks simply lost
sieht einfach verloren aus.}) 44... Qb5 45. Qxc8 (45. Qb7 Qxb7 46. Rxb7 cxd3 {
is even worse than in the previous variation. ist sogar noch schlimmer als in
der vorigen Variante.}) 45... Rxc8 46. Rxf7 {A knight, a pawn and a rook might
sometimes be able to fight against a queen, but here I'm just scooping up all
the pawns and the attack continues. On top of that, the rook on f7 is trapped!
The rest is easy. Ein Springer, ein Bauer und ein Turm können manchmal gegen
eine Dame kämpfen, aber hier sammle ich einfach alle Bauern ein, und der
Angriff geht weiter. Obendrein ist auch noch der Turm f7 gefangen! Der Rest
ist leicht.} Kg8 47. Rxg7+ Kxg7 48. d4 exd4 49. Bxd4+ Kf7 50. Rd1 c3+ 51. Ke1
Qb2 {Despite the mistakes, this was a massively complicated and interesting
fight. Unfortunately, because Magnus started to run away with the tournament
near the end, it was only enough for second place. Trotz der Fehler war dies
ein immens komplizierter und interessanter Kampf. Leider reicht es, da Magnus
zum Turnierende auszureißen begann, nur zum zweiten Platz.} 0-1

[Event "San Francisco Mechanics Institute op"]
[Site "San Francisco"]
[Date "2019.05.02"]
[Round "1"]
[White "Caruana, Fabiano"]
[Black "Ezra, Paul Chambers"]
[Result "1-0"]
[WhiteElo "2816"]
[BlackElo "2241"]
[PlyCount "75"]
[EventDate "2019.05.02"]
[EventType "swiss (rapid)"]
[EventRounds "5"]
[EventCountry "USA"]
[SourceTitle "CBM 190 Extra"]
[Source "ChessBase"]
[SourceDate "2019.07.15"]
[SourceVersion "1"]
[SourceVersionDate "2019.07.15"]
[SourceQuality "1"]

1. c4 Nf6 2. Nc3 Nc6 3. d4 d6 4. d5 Nb8 5. e4 g6 6. f4 Bg7 7. Nf3 O-O 8. Bd3
Na6 9. O-O Nc5 10. Bc2 a5 11. Be3 Nfd7 12. Qd2 e5 13. f5 Qe7 14. g4 Nb6 15. b3
Bd7 16. Kh1 f6 17. h4 Kh8 18. Rf2 a4 19. Rff1 c6 20. Qe2 cxd5 21. exd5 gxf5 22.
gxf5 axb3 23. axb3 Rxa1 24. Rxa1 Ra8 25. Rg1 Nc8 26. h5 Qf7 27. Nh4 Ne7 28. h6
Bf8 29. b4 Na6 30. b5 Nc5 31. Bxc5 dxc5 32. d6 Nc8 33. Ng6+ hxg6 34. fxg6 Qe6
35. g7+ Bxg7 36. hxg7+ Kg8 37. Bh7+ Kxh7 38. Qh5+ 1-0

[Event "San Francisco Mechanics Institute op"]
[Site "San Francisco"]
[Date "2019.05.02"]
[Round "2"]
[White "Kavutskiy, Konstantin"]
[Black "Caruana, Fabiano"]
[Result "0-1"]
[WhiteElo "2417"]
[BlackElo "2816"]
[PlyCount "66"]
[EventDate "2019.05.02"]
[EventType "swiss (rapid)"]
[EventRounds "5"]
[EventCountry "USA"]
[SourceTitle "CBM 190 Extra"]
[Source "ChessBase"]
[SourceDate "2019.07.15"]
[SourceVersion "1"]
[SourceVersionDate "2019.07.15"]
[SourceQuality "1"]

1. d4 Nf6 2. c4 d6 3. Nc3 e5 4. e3 Nc6 5. d5 Ne7 6. e4 g6 7. Nf3 Bg7 8. h3 O-O
9. Be3 Nh5 10. g4 Nf4 11. Qd2 c6 12. O-O-O cxd5 13. cxd5 Bd7 14. Kb1 a6 15. Ne2
Nxe2 16. Bxe2 Bb5 17. Rhg1 Qd7 18. Rc1 Rfc8 19. h4 Rxc1+ 20. Kxc1 Bxe2 21. Qxe2
Qa4 22. Kb1 Qxe4+ 23. Ka1 Rc8 24. Ng5 Qxd5 25. Rd1 Qc6 26. h5 h6 27. Nf3 g5 28.
a3 d5 29. Ne1 Qe6 30. Nd3 d4 31. Bd2 e4 32. Nc1 d3 33. Qe3 Rc2 0-1

[Event "San Francisco Mechanics Institute op"]
[Site "San Francisco"]
[Date "2019.05.02"]
[Round "4"]
[White "Bhat, Vinay S"]
[Black "Caruana, Fabiano"]
[Result "0-1"]
[WhiteElo "2519"]
[BlackElo "2816"]
[PlyCount "64"]
[EventDate "2019.05.02"]
[EventType "swiss (rapid)"]
[EventRounds "5"]
[EventCountry "USA"]
[SourceTitle "CBM 190 Extra"]
[Source "ChessBase"]
[SourceDate "2019.07.15"]
[SourceVersion "1"]
[SourceVersionDate "2019.07.15"]
[SourceQuality "1"]

1. d4 f5 2. Nc3 Nf6 3. Bg5 d5 4. Bxf6 exf6 5. e3 Be6 6. Qf3 Qd7 7. Bb5 Nc6 8.
Nge2 O-O-O 9. a3 a6 10. Ba4 g5 11. h3 h5 12. Bxc6 Qxc6 13. Ng3 g4 14. hxg4 hxg4
15. Qe2 Bd6 16. O-O-O Bxa3 17. Qd3 Bb4 18. Nxf5 Kb8 19. Ne2 a5 20. Kb1 a4 21.
c3 Bd6 22. Nxd6 Qxd6 23. Nf4 Bd7 24. Ka1 b6 25. Qb1 Kb7 26. Rxh8 Rxh8 27. Rh1
Bf5 28. Qf1 Ra8 29. Qb5 Ra5 30. Qb4 Qc6 31. Rh8 a3 32. b3 Rb5 0-1

[Event "San Francisco Mechanics Institute op"]
[Site "San Francisco"]
[Date "2019.05.02"]
[Round "5"]
[White "Caruana, Fabiano"]
[Black "Hammer, Jon Ludvig"]
[Result "1/2-1/2"]
[WhiteElo "2816"]
[BlackElo "2645"]
[PlyCount "166"]
[EventDate "2019.05.02"]
[EventType "swiss (rapid)"]
[EventRounds "5"]
[EventCountry "USA"]
[SourceTitle "CBM 190 Extra"]
[Source "ChessBase"]
[SourceDate "2019.07.15"]
[SourceVersion "1"]
[SourceVersionDate "2019.07.15"]
[SourceQuality "1"]

1. e4 e5 2. Nf3 Nc6 3. Bb5 Nf6 4. d3 Bc5 5. Bxc6 dxc6 6. O-O Nd7 7. Nbd2 O-O 8.
Nc4 Re8 9. Bg5 f6 10. Be3 Bxe3 11. Nxe3 Nf8 12. Kh1 Ng6 13. Ng1 Be6 14. Ne2 Qd7
15. Qd2 c5 16. b3 b6 17. a4 Rad8 18. f3 Kh8 19. Rf2 Kg8 20. Qc3 Kh8 21. Raf1
Kg8 22. f4 exf4 23. Nxf4 Nxf4 24. Rxf4 Qd4 25. Qe1 a6 26. Qg3 Qe5 27. h3 b5 28.
axb5 axb5 29. Ng4 Bxg4 30. Qxg4 c4 31. Rxf6 cxd3 32. cxd3 Rxd3 33. R6f5 Qe7 34.
e5 h6 35. Qg6 Re3 36. b4 Re2 37. Rh5 Qe6 38. Rf6 Qe7 39. Rff5 Qe6 40. Qg3 Kh7
41. Rfg5 Qd7 42. Rxg7+ Qxg7 43. Qd3+ Qg6 44. Qxe2 Qb1+ 45. Kh2 Qxb4 46. Qd3+
Kg7 47. Rf5 Qe7 48. Qxb5 Rf8 49. Rh5 Qf7 50. Rh4 Qe6 51. Rg4+ Kh7 52. Qd3+ Qf5
53. Qe3 Re8 54. Re4 Re6 55. Qd4 h5 56. Re3 Kh6 57. Kg1 Qg5 58. Re2 Qf5 59. Qd2+
Qg5 60. Qc3 Qg7 61. Re4 Qe7 62. h4 Qg7 63. Qe3+ Kh7 64. Qe2 Kh6 65. Qd2+ Kh7
66. Qd3 Kh6 67. Qd4 Qe7 68. Qe3+ Kh7 69. Qd3 Kh6 70. Qd2+ Kh7 71. Qe2 Kh6 72.
Qf3 Qg7 73. Qf5 Qg6 74. Qf4+ Kh7 75. Rd4 Re7 76. Rc4 Qe6 77. Qe4+ Kg7 78. Rc6
Qxe5 79. Qg6+ Kh8 80. Qh6+ Kg8 81. Rg6+ Kf7 82. Qh7+ Ke8 83. Qg8+ Kd7 1/2-1/2